000 00366nam a2200157Ia 4500
003 Ost
005 20260225132552.0
008 260225s9999||||xx |||||||||||||| ||und||
040 _cfsic
041 _afre
082 _a440
100 _aMohamed Khandriche
_eAuteur
245 0 _aDéveloppement et réinsertion /
245 0 _cMohamed Khandriche
942 _cكتاب
999 _c34228
_d34228